000
00226 a2200097 4500
001
1490
100
_a
Almen, J.O
245
_a
Residual stresses and fatgue in metals
260
_a
London
_b
Mcgrawhill
_c
1963
090
_c
1033
_d
1033
942
_a
NUST-CAE
_c
M
_c
370
999
_c
236563
_d
236563